Wykonawcy muzyczni na literę A - Statystyki

Ogólne statystyki
  • Ten quiz został rozwiązany 37 razy
  • Średni wynik to 8 z 20
Statystyki odpowiedzi
Lata aktywności Państwo Piosenki Zespół lub artysta % Poprawnych
1973–1982 2016–2022 Dancing Queen | Super Trouper ABBA
91%
2008– Set Fire to the Rain | Hello Adele
83%
2011–2018 Wake Me Up | Hey Brother Avicii
71%
1985– Take on Me | The Living Daylights A-ha
66%
2013– Thank U, Next | 7 Rings Ariana Grande
66%
1973– Walk This Way | Dream On Aerosmith
54%
2003–2011 Rehab | Back to Black Amy Winehouse
51%
1975– Dirty Deeds Done Dirt Cheap | Let There be Rock AC/DC
49%
2002– Sk8er Boi | Complicated Avril Lavigne
37%
1992–2015 All That She Wants | The Sign Ace of Base
31%
1969– School's Out | Poison Alice Cooper
31%
1964– The House of the Rising Sun | Inside-Looking Out The Animals
31%
2001– Girl on Fire | If I Ain't Got You Alicia Keys
26%
1961–2018 Respect | Chain of Fools Aretha Franklin
23%
2006– I Bet You Look Good on the Dancefloor | Fluorescent Adolescent Arctic Monkeys
20%
1991– Ironic | Hand in My Pocket Alanis Morissette
14%
1971– A Horse with No Name | Sister Golden Hair America
9%
2004– Keep the Car Running | Neon Bible Arcade Fire
6%
1969–2014 Ramblin' Man | Whipping Post The Allman Brothers Band
6%
1967– Let's Stay Together | Call Me Al Green
3%
Nie znaleziono quizów pasujących do podanych kryteriów
Rozkład punktacji
Procent ludzi z każdym wynikiem
Percentyl według liczby udzielonych odpowiedzi
Twoja historia wyników
Nie rozwiązałeś tego quizu